Matemática 1º básico: texto para el estudiante. Educación Matemática
Shranjeno v:
| Main Authors: | , |
|---|---|
| Format: | Knjiga |
| Jezik: | španščina |
| Izdano: |
Santiago
Cal y Canto
2004
|
| Teme: | |
| Oznake: |
Označite
Brez oznak, prvi označite!
|
MARC
| LEADER | 00000nam a2200000 a 4500 | ||
|---|---|---|---|
| 001 | UCK4927 | ||
| 003 | CL-VaPUC | ||
| 008 | 050701e20040000cl |||||||||||||||||spa|d | ||
| 020 | |a 956760259X | ||
| 082 | 0 | 4 | |a 372.7 |b TAG |2 21 |
| 100 | 0 | |a Tagle Díaz, Loreto |e author |9 493561 | |
| 700 | |a León Lavanchy, Ivette |e author |9 499415 | ||
| 245 | 1 | 0 | |a Matemática 1º básico: texto para el estudiante. Educación Matemática |
| 300 | |a 159 p | ||
| 942 | |c BK | ||
| 945 | |d 20050701 00:00:00 |a cmena | ||
| 260 | |a Santiago |b Cal y Canto |c 2004 | ||
| 650 | 0 | |a Matemáticas |x Enseñanza |9 875527 | |
| 650 | 0 | |a Educación básica |9 224933 | |
| 650 | 0 | |a Libros de texto |9 270019 | |
| 650 | 0 | |a Métodos de enseñanza |9 270413 | |
| 583 | |a last modification |c 20170821 01:24:23 |k Rodrigo Vera | ||
| 999 | |c 313635 |d 313633 | ||
| 952 | |0 0 |1 0 |4 0 |6 372_700000000000000_TAG_2004 |7 0 |8 P |9 385083 |a BIBEDU |b BIBEDU |d 2019-11-22 |i 4141253 |o 372.7 TAG 2004 |p 4141253 |r 2019-11-22 |w 2019-11-22 |y BK |k EBA | ||
| 952 | |0 0 |1 0 |4 0 |6 372_700000000000000_TAG_2004 |7 0 |8 P |9 385084 |a BIBEDU |b BIBEDU |d 2019-11-22 |i 4141261 |o 372.7 TAG 2004 |p 4141261 |r 2019-11-22 |w 2019-11-22 |y BK |k EBA | ||
| 952 | |0 0 |1 0 |4 0 |6 372_700000000000000_TAG_2004 |7 0 |8 P |9 385085 |a BIBEDU |b BIBEDU |d 2019-11-22 |i 4141288 |o 372.7 TAG 2004 |p 4141288 |r 2019-11-22 |w 2019-11-22 |y BK |k EBA | ||
| 952 | |0 0 |1 0 |4 0 |6 372_700000000000000_TAG_2004 |7 0 |8 P |9 385086 |a BIBEDU |b BIBEDU |c BIBEDU_PB |d 2019-11-22 |i 414130K |o 372.7 TAG 2004 |p 414130K |r 2024-01-25 |w 2019-11-22 |y BK |k EBA | ||
| 952 | |0 0 |1 0 |4 0 |6 372_700000000000000_TAG_2004 |7 0 |8 P |9 385087 |a BIBEDU |b BIBEDU |d 2019-11-22 |i 4141334 |o 372.7 TAG 2004 |p 4141334 |r 2019-11-22 |w 2019-11-22 |y BK |k EBA | ||